Statistics for U.S. Sports Trivia #2

Click here to take the quiz!

General Stats

  • This quiz has been taken 15,315 times
  • The average score is 10 of 20

Answer Stats

QuestionAnswer% Correct
Who is Serena Williams's sister?Venus Williams
97%
Who was drafted one pick behind Sam Bowie in the 1984 NBA Draft?Michael Jordan
83%
Who once scored 100 points in a single NBA game?Wilt Chamberlain
77%
Whose wardrobe malfunctioned at the Super Bowl halftime show?Janet Jackson
74%
What quarterback won all four of his Super Bowl appearances, throwing
11 touchdowns and no interceptions?
Joe Montana
64%
Who charged into the stands punching fans in an incident called
"The Malice at the Palace"?
Ron Artest
60%
Who is the only woman to ever win an IndyCar race?Danica Patrick
55%
Who was the most recent player to play in the NFL and MLB in the same season?Deion Sanders
55%
What University's lacrosse team was falsely accused of rape in 2006?Duke's
50%
Who owned the New York Yankees from 1973 until 2010?George Steinbrenner
46%
Who broke Joe Theismann's leg, ending his career?Lawrence Taylor
45%
Who was Pete Sampras's biggest rival?Andre Agassi
44%
Who coached UCLA to ten NCAA basketball championships?John Wooden
43%
Whose record for career goals was broken by Wayne Gretzky?Gordie Howe
33%
What gold medal winning diver had HIV?Greg Louganis
32%
What sport did Kerri Strug participate in?Gymnastics
32%
Who was the first boxer to defeat Mike Tyson?Buster Douglas
31%
Who was drafted #1 in the MLS soccer draft at the age of 14?Freddy Adu
27%
Whose .394 batting average in 1994 is the closest anyone has come to
hitting .400 since Ted Williams last did it in 1941?
Tony Gwynn
23%
Who invented sabermetrics?Bill James
13%

Score Distribution

Percentile by Number Answered

Percent of People with Each Score

Your Score History

You have not taken this quiz